000 00277nam a2200109Ia 4500
001 1276693
005 20260417160452.0
008 260417s9999 xx 000 0 und d
020 _a9786052856062
245 0 _aSüper Gazeteciler - 1
_cAytül Akal
260 _bTudem Yayınları
999 _c1276693
_d1276693